[Event "Pardubice Open A"]
[Site "?"]
[Date "2015.07.24"]
[Round "1.74"]
[White "HRDINA, Robin"]
[Black "ZWARDON, Vojtech"]
[Result "0-1"]
[WhiteElo "2163"]
[BlackElo "2397"]
[PlyCount "92"]
[EventDate "2015.??.??"]
[WhiteClock "0:02:04"]
[BlackClock "1:18:53"]

1. e4 c5 2. Nf3 Nc6 3. d4 cxd4 4. Nxd4 e5 5. Nb5 a6 6. Nd6+ Bxd6 7. Qxd6 Qe7 8.
Qxe7+ Ngxe7 9. Nc3 d5 10. exd5 Nb4 11. Bd3 Bf5 12. O-O Bxd3 13. cxd3 Rd8 14.
Be3 Nexd5 15. Bc5 Nxd3 16. Nxd5 Rxd5 17. Rad1 Kd7 18. Ba3 b5 19. b3 Ke6 20. Rd2
Rc8 21. f3 Rcd8 22. g3 b4 23. Bb2 Rc8 24. Re2 f6 25. Kg2 g5 26. h3 h5 27. f4
Nxb2 28. Rxb2 gxf4 29. gxf4 e4 30. Kg3 h4+ 31. Kxh4 Rg8 32. Rc2 Rd7 33. f5+ Ke5
34. Rc5+ Kd6 35. Rd1+ Kxc5 36. Rxd7 Rg5 37. Re7 Kd4 38. Re6 Rxf5 39. Kg4 Rf1
40. h4 f5+ 41. Kg3 Ke3 42. Kg2 Rf2+ 43. Kg1 Rf4 44. h5 Rg4+ 45. Kf1 Rh4 46. h6
Kf3 0-1

[Event "Pardubice Open A"]
[Site "?"]
[Date "2015.07.24"]
[Round "1.75"]
[White "JASNY, Stanislav"]
[Black "SCHNEIDER, German"]
[Result "1-0"]
[WhiteElo "2395"]
[BlackElo "2162"]
[PlyCount "53"]
[EventDate "2015.??.??"]
[WhiteClock "0:10:38"]
[BlackClock "0:06:13"]

1. e4 c5 2. Nf3 d6 3. d4 cxd4 4. Nxd4 Nf6 5. Nc3 a6 6. Be2 e5 7. Nb3 Be7 8. O-O
O-O 9. Kh1 Nc6 10. f4 exf4 11. Bxf4 Be6 12. Qe1 Bxb3 13. cxb3 Ne5 14. Rd1 Qc8
15. Bxe5 dxe5 16. Qg3 Re8 17. a4 Qc6 18. Bc4 Bc5 19. Rf5 Re7 20. Rdf1 Kh8 21.
Qh4 Rg8 22. Nd5 Nxd5 23. Bxd5 Qd6 24. Bxf7 g5 25. Qh5 Rg7 26. Bd5 Rg6 27. Rf8+
1-0

[Event "Pardubice Open A"]
[Site "?"]
[Date "2015.07.24"]
[Round "1.76"]
[White "GASIK, Anna"]
[Black "CERVENY, Martin"]
[Result "0-1"]
[WhiteElo "2160"]
[BlackElo "2394"]
[PlyCount "118"]
[EventDate "2015.??.??"]
[WhiteClock "0:23:04"]
[BlackClock "0:32:43"]

1. e4 c5 2. Nf3 d6 3. d4 cxd4 4. Nxd4 Nf6 5. Nc3 a6 6. h3 e6 7. g4 b5 8. Bg2
Bb7 9. O-O Nfd7 10. Re1 Nc6 11. Nxc6 Bxc6 12. a4 Be7 13. Bf4 e5 14. axb5 axb5
15. Be3 O-O 16. Qe2 b4 17. Nd5 Bxd5 18. exd5 Rxa1 19. Rxa1 Bg5 20. Bxg5 Qxg5
21. Qb5 Nc5 22. Qxb4 f5 23. Qc4 h5 24. gxf5 Rxf5 25. Qe2 Rf4 26. Ra3 h4 27. Rf3
Rd4 28. Qb5 Kh7 29. Qe8 Rd1+ 30. Kh2 Ne4 31. Qe6 Nxf2 32. Qf5+ Qxf5 33. Rxf5
Rd2 34. Kg1 Nd1 35. Rh5+ Kg8 36. Rxh4 Rxc2 37. b3 Ne3 38. Bf3 Rd2 39. b4 Rb2
40. Be4 Kf7 41. Bf3 Kf6 42. Rh8 Kg5 43. Rg8 Kf4 44. Bh1 g5 45. Rf8+ Nf5 46. Bf3
Kg3 47. Rxf5 Rb1+ 48. Bd1 Rxd1+ 49. Rf1 Rxd5 50. Rb1 Rb5 51. Rb3+ Kf4 52. Kf2
e4 53. Ke2 d5 54. Rb1 Ke5 55. Rg1 Rxb4 56. Rxg5+ Kd4 57. h4 Rb2+ 58. Kf1 Rh2
59. h5 e3 0-1

[Event "Pardubice Open A"]
[Site "?"]
[Date "2015.07.24"]
[Round "1.77"]
[White "ZANAN, Evgeny"]
[Black "ROESSLER, Ulrike"]
[Result "1-0"]
[WhiteElo "2391"]
[BlackElo "2159"]
[PlyCount "101"]
[EventDate "2015.??.??"]
[WhiteClock "0:24:27"]
[BlackClock "0:37:09"]

1. d4 Nf6 2. c4 g6 3. Nc3 Bg7 4. e4 d6 5. Nf3 O-O 6. Be2 e5 7. d5 Nbd7 8. O-O
Nc5 9. Qc2 a5 10. Bg5 Bd7 11. b3 Qe8 12. Nd2 h6 13. Be3 Ng4 14. Bxg4 Bxg4 15.
a3 Na6 16. Rab1 Bd7 17. b4 f5 18. exf5 axb4 19. axb4 gxf5 20. f4 e4 21. Rfd1 c5
22. dxc6 bxc6 23. Nf1 Qe6 24. Ne2 c5 25. bxc5 Nxc5 26. Nd4 Qf7 27. Nb5 Bxb5 28.
Rxb5 Nd3 29. Ng3 Rac8 30. Nxf5 Qd7 31. Rxd3 Qxb5 32. Ne7+ Kh8 33. Nxc8 exd3 34.
Qxd3 Qa6 35. Nxd6 Be5 36. Bd4 Bxd4+ 37. Qxd4+ Kg8 38. Qd5+ Kh7 39. Qe4+ Kh8 40.
Qe5+ Kh7 41. Qe7+ Kg8 42. Qe6+ Kh7 43. Qe4+ Kh8 44. Qe5+ Kh7 45. h3 Qa7+ 46. c5
Rg8 47. Kh2 Qa8 48. Ne4 Rd8 49. Qe7+ Kg6 50. Qf6+ Kh7 51. Qf7+ 1-0

[Event "Pardubice Open A"]
[Site "?"]
[Date "2015.07.24"]
[Round "1.78"]
[White "VOLODIN, Viktor"]
[Black "GRINBERG, Eyal"]
[Result "0-1"]
[WhiteElo "2158"]
[BlackElo "2387"]
[PlyCount "96"]
[EventDate "2015.??.??"]
[WhiteClock "0:35:05"]
[BlackClock "0:27:13"]

1. Nf3 Nf6 2. c4 c6 3. d4 d5 4. Nc3 e6 5. Qb3 Nbd7 6. g3 Be7 7. Bg2 O-O 8. O-O
a5 9. a3 b6 10. Bf4 Ba6 11. cxd5 Nxd5 12. Nxd5 cxd5 13. Qe3 a4 14. h4 h6 15.
Rfc1 Bc4 16. Nd2 b5 17. Nxc4 bxc4 18. Qd2 f5 19. Qe3 Ra6 20. Rc2 Nf6 21. Qe5
Rc6 22. Bd2 Qe8 23. Re1 Bd6 24. Qe3 Rb6 25. f4 Rb3 26. Bc3 Qe7 27. Bf3 Ne8 28.
Qc1 Nc7 29. e3 Nb5 30. Bd1 Rc8 31. Rg2 Nxc3 32. Bxb3 cxb3 33. bxc3 Bxa3 34. Qa1
h5 35. Rd2 Rc4 36. Kh2 Bd6 37. Rb1 Qc7 38. Rd3 Qc6 39. Kh3 Qb5 40. Qb2 Rc8 41.
Rdd1 Qc4 42. Re1 Qd3 43. Qa1 Qc4 44. Qb2 Kh7 45. Ra1 a3 46. Rxa3 Bxa3 47. Qxa3
Qxc3 48. Re2 Qd3 0-1

[Event "Pardubice Open A"]
[Site "?"]
[Date "2015.07.24"]
[Round "1.79"]
[White "MARTYNOV, Pavel"]
[Black "KOWALCZYK, Rafal"]
[Result "1-0"]
[WhiteElo "2385"]
[BlackElo "2158"]
[PlyCount "61"]
[EventDate "2015.??.??"]
[WhiteClock "0:11:51"]
[BlackClock "0:00:37"]

1. d4 d5 2. Nf3 Nf6 3. c4 dxc4 4. Qa4+ Nbd7 5. Nc3 e6 6. e4 Be7 7. Bxc4 O-O 8.
Qc2 c6 9. Bd3 h6 10. Qe2 Re8 11. e5 Nd5 12. h4 Bb4 13. Bd2 Qa5 14. Rc1 c5 15.
a3 Bxc3 16. bxc3 cxd4 17. cxd4 Qxa3 18. Rh3 b6 19. Rg3 Kf8 20. Qe4 Bb7 21. Rxg7
Rec8 22. Rb1 Ke8 23. Qh7 Nf8 24. Qg8 Rc7 25. Bb5+ Kd8 26. Rxf7 Rxf7 27. Qxf7
Qe7 28. Qg8 a6 29. Bxh6 Kc7 30. Rc1+ Bc6 31. Bxc6 1-0

[Event "Pardubice Open A"]
[Site "?"]
[Date "2015.07.24"]
[Round "1.80"]
[White "PLESEK, Jiri"]
[Black "MUELLER, Ralf"]
[Result "0-1"]
[WhiteElo "2158"]
[BlackElo "2384"]
[PlyCount "122"]
[EventDate "2015.??.??"]
[WhiteClock "0:02:33"]
[BlackClock "0:21:16"]

1. Nf3 Nf6 2. c4 g6 3. g3 Bg7 4. Bg2 O-O 5. O-O d5 6. cxd5 Nxd5 7. Nc3 c5 8.
Nxd5 Qxd5 9. d3 Nc6 10. Be3 Qh5 11. Rc1 b6 12. Ng5 Bd7 13. Bf3 Qh6 14. Ne6 Qh3
15. Nxg7 Kxg7 16. d4 Rad8 17. Bg2 Qh5 18. dxc5 Bh3 19. Qb3 Bxg2 20. Kxg2 b5 21.
Qxb5 Qd5+ 22. Kg1 Rb8 23. Qc4 Qxc4 24. Rxc4 Rxb2 25. Bd4+ Nxd4 26. Rxd4 Rc8 27.
Rc1 Rxe2 28. c6 Rc7 29. Rd7 Rxd7 30. cxd7 Rd2 31. Rc7 a5 32. Kf1 Kf6 33. Ke1
Rd5 34. Rc6+ e6 35. Rc7 e5 36. h4 Ke6 37. Rc5 Rxd7 38. Rxa5 Kf5 39. Ke2 f6 40.
f3 h5 41. Ra4 g5 42. hxg5 Kxg5 43. Rb4 Kf5 44. g4+ hxg4 45. Rxg4 Ra7 46. a4 Rb7
47. Rc4 Rb3 48. Kf2 Ra3 49. Rb4 Kg5 50. Rg4+ Kh5 51. Rc4 Ra2+ 52. Ke3 f5 53.
Rc5 f4+ 54. Ke4 Rxa4+ 55. Kd3 Kh4 56. Rxe5 Kg3 57. Ke2 Ra2+ 58. Ke1 Kxf3 59.
Rf5 Ra1+ 60. Kd2 Rf1 61. Rf8 Kg2 0-1

[Event "Pardubice Open A"]
[Site "?"]
[Date "2015.07.24"]
[Round "1.81"]
[White "CAMARENA GIMENEZ, Rufino"]
[Black "REHN, Ralf"]
[Result "1/2-1/2"]
[WhiteElo "2378"]
[BlackElo "2156"]
[PlyCount "68"]
[EventDate "2015.??.??"]
[WhiteClock "0:09:13"]
[BlackClock "0:10:52"]

1. d4 Nf6 2. c4 e6 3. Nf3 Bb4+ 4. Bd2 Bxd2+ 5. Qxd2 Ne4 6. Qc2 f5 7. g3 O-O 8.
Bg2 d6 9. O-O Nc6 10. d5 exd5 11. cxd5 Nb4 12. Qc4 a5 13. Rc1 Qf6 14. Nc3 Nxc3
15. Rxc3 Na6 16. Nd4 Bd7 17. Ne6 Rfc8 18. Rd1 Kh8 19. Nf4 Nc5 20. b3 Re8 21. e3
Rac8 22. Rdc1 Na6 23. h4 Nb4 24. Qe2 Na6 25. Qd2 Nc5 26. Qd4 Qxd4 27. exd4 Na6
28. Bf1 Nb4 29. Ra1 c6 30. dxc6 Bxc6 31. a3 Nd5 32. Nxd5 Bxd5 33. Rac1 Rxc3 34.
Rxc3 g6 1/2-1/2

[Event "Pardubice Open A"]
[Site "?"]
[Date "2015.07.24"]
[Round "1.82"]
[White "KRATOCHVIL, Karel"]
[Black "GHENG, Josef"]
[Result "0-1"]
[WhiteElo "2154"]
[BlackElo "2376"]
[PlyCount "92"]
[EventDate "2015.??.??"]
[WhiteClock "0:05:45"]
[BlackClock "0:59:19"]

1. d4 Nf6 2. c4 e6 3. Nf3 Bb4+ 4. Bd2 Be7 5. Nc3 d5 6. Bg5 O-O 7. e3 Nbd7 8.
Qc2 h6 9. h4 a6 10. O-O-O dxc4 11. Bxc4 b5 12. Bd3 Bb7 13. Rh3 Rc8 14. Kb1 c5
15. Bxf6 Nxf6 16. dxc5 Qa5 17. Nd4 Bxc5 18. Nb3 Qb6 19. g4 Nxg4 20. Rg3 f5 21.
Nxc5 Qxc5 22. Rdg1 Rf7 23. Qb3 Rd8 24. Be2 h5 25. Qxe6 Kf8 26. Bd1 Rd6 27. Qb3
b4 28. Na4 Be4+ 29. Bc2 Qxc2+ 30. Qxc2 Rd2 31. Qxe4 fxe4 32. Rc1 Rfxf2 33. Rgg1
Nxe3 34. Rc8+ Kf7 35. Rc7+ Kf6 36. a3 Nf5 37. axb4 e3 38. Nc3 Rxb2+ 39. Ka1 Ke5
40. Rc5+ Kd4 41. Nd1 Rxb4 42. Nxf2 exf2 43. Rgc1 Ne3 44. Rxh5 f1=Q 45. Rxf1
Nxf1 46. Rh7 Kc3 0-1

[Event "Pardubice Open A"]
[Site "Pardubice (CZE)"]
[Date "2015.07.24"]
[Round "1.83"]
[White "MOEHN, Hans"]
[Black "XYLOGIANNOPOULOS, Antonios"]
[Result "1/2-1/2"]
[WhiteElo "2372"]
[BlackElo "2153"]
[PlyCount "54"]
[EventDate "2015.07.24"]

1. Nf3 f5 2. g3 Nf6 3. Bg2 d6 4. d4 g6 5. O-O Bg7 6. b3 O-O 7. Bb2 Qe8 8. Nbd2
h6 9. Re1 Qf7 10. e4 fxe4 11. Nxe4 Nxe4 12. Rxe4 Bf5 13. Re3 g5 14. Qe2 Nc6 15.
Rd1 Rae8 16. c4 e6 17. d5 exd5 18. Bxg7 Kxg7 19. cxd5 Nb4 20. Nd4 Bg4 21. Qxg4
Qxf2+ 22. Kh1 Rxe3 23. Ne6+ Kg8 24. Qxb4 Re2 25. Rg1 Qxg2+ 26. Rxg2 Rf1+ 27.
Rg1 Rff2 1/2-1/2

[Event "Pardubice Open A"]
[Site "Pardubice (CZE)"]
[Date "2015.07.24"]
[Round "1.84"]
[White "BARRISH, Daniel"]
[Black "SEGER, Ruediger"]
[Result "1/2-1/2"]
[WhiteElo "2150"]
[BlackElo "2371"]
[PlyCount "51"]
[EventDate "2015.07.24"]

1. d4 Nf6 2. c4 g6 3. f3 d5 4. cxd5 Nxd5 5. e4 Nb6 6. Nc3 Bg7 7. Be3 Nc6 8. d5
Ne5 9. f4 Ng4 10. Bd4 Bxd4 11. Qxd4 O-O 12. Nf3 e6 13. h3 Nf6 14. dxe6 Bxe6 15.
Qxd8 Raxd8 16. Kf2 Rfe8 17. g3 Kg7 18. Be2 Bc8 19. e5 Nfd5 20. Nxd5 Rxd5 21. h4
h5 22. Rhd1 Red8 23. Rxd5 Rxd5 24. Rc1 c6 25. a3 Kf8 26. b4 1/2-1/2

[Event "Pardubice Open A"]
[Site "Pardubice (CZE)"]
[Date "2015.07.24"]
[Round "1.85"]
[White "SCHUH, Dirk"]
[Black "MITUROVA, Magdalena"]
[Result "0-1"]
[WhiteElo "2370"]
[BlackElo "2149"]
[PlyCount "180"]
[EventDate "2015.07.24"]

1. e4 e5 2. Nf3 Nc6 3. Bb5 a6 4. Ba4 Nf6 5. O-O Be7 6. d3 b5 7. Bb3 O-O 8. Nc3
d6 9. a3 Be6 10. Nd5 h6 11. c3 Qd7 12. Nxe7+ Nxe7 13. Bc2 Bg4 14. h3 Bh5 15.
Qe2 Ng6 16. Qe3 Nf4 17. Re1 g5 18. Nh2 Kh7 19. Nf1 Bg6 20. Ng3 Rg8 21. a4 Rab8
22. d4 Qc6 23. f3 Rge8 24. Bb3 b4 25. a5 bxc3 26. Ba4 Qc4 27. Qxc3 Qxc3 28.
bxc3 Red8 29. Ba3 c5 30. Rad1 cxd4 31. cxd4 Ng8 32. Rd2 d5 33. exd5 Rxd5 34.
Rxe5 Rb1+ 35. Bd1 Bc2 36. Rxd5 Nxd5 37. Rxc2 Rxd1+ 38. Kh2 Ra1 39. Rc5 Nf4 40.
Bb4 Ra2 41. Ne4 Rxg2+ 42. Kh1 Rb2 43. Bc3 Rb1+ 44. Kh2 Rf1 45. h4 Rxf3 46. hxg5
Re3 47. Re5 Rh3+ 48. Kg1 Ne2+ 49. Kg2 Nf4+ 50. Kg1 Ne2+ 51. Kg2 Nf4+ 52. Kf1
Rf3+ 53. Kg1 Rd3 54. Kf2 Nh3+ 55. Ke2 Nf4+ 56. Kf2 Nh3+ 57. Kf1 hxg5 58. Bd2
Rxd4 59. Nxg5+ Nxg5 60. Bxg5 f6 61. Bxf6 Rf4+ 62. Ke2 Rxf6 63. Kd3 Kg6 64. Kc4
Kf7 65. Kb4 Ne7 66. Rh5 Ke6 67. Kc5 Kd7 68. Rh7 Re6 69. Rf7 Kc7 70. Rh7 Re5+
71. Kd4 Re1 72. Kc5 Re6 73. Rf7 Rc6+ 74. Kb4 Kd6 75. Rf6+ Kd5 76. Rf7 Rc4+ 77.
Kb3 Re4 78. Rf6 Nc6 79. Ka3 Kc5 80. Rf5+ Ne5 81. Rf6 Kb5 82. Rb6+ Kxa5 83. Rh6
Re3+ 84. Ka2 Kb5 85. Rh5 a5 86. Rg5 Kb4 87. Rh5 Re2+ 88. Kb1 a4 89. Rh3 Nc4 90.
Ka1 Ne3 0-1

[Event "Pardubice Open A"]
[Site "Pardubice (CZE)"]
[Date "2015.07.24"]
[Round "1.86"]
[White "COCCONCELLI, Lorenzo"]
[Black "VYSKOCIL, Neklan"]
[Result "0-1"]
[WhiteElo "2147"]
[BlackElo "2370"]
[PlyCount "98"]
[EventDate "2015.07.24"]

1. d4 Nf6 2. c4 e6 3. Nf3 b6 4. g3 Bb7 5. Bg2 Be7 6. Nc3 Ne4 7. Nxe4 Bxe4 8.
O-O O-O 9. Ne1 Bxg2 10. Nxg2 d5 11. cxd5 Qxd5 12. Be3 Rd8 13. Qc2 Nc6 14. Nf4
Qd7 15. Rfd1 Bg5 16. d5 Nb4 17. Qb3 Bxf4 18. Bxf4 Na6 19. dxe6 Qxe6 20. Qb5
Rxd1+ 21. Rxd1 Qxa2 22. Qc6 Rf8 23. Bxc7 Qxb2 24. Rd8 Nxc7 25. Rxf8+ Kxf8 26.
Qd6+ Ke8 27. Qxc7 Qb1+ 28. Kg2 Qe4+ 29. Kg1 Qa8 30. e4 Kf8 31. e5 Kg8 32. Qd7
a5 33. e6 fxe6 34. Qxe6+ Kh8 35. Qxb6 a4 36. Qb2 a3 37. Qa2 h6 38. Kf1 Qa4 39.
Ke2 Qe4+ 40. Kd2 Qd4+ 41. Kc2 Qxf2+ 42. Kb3 Qxa2+ 43. Kxa2 Kh7 44. Kxa3 Kg6 45.
Kb4 Kf5 46. Kc5 Kg4 47. Kd4 Kh3 48. Ke3 Kxh2 49. Kf3 g5 0-1

[Event "Pardubice Open A"]
[Site "Pardubice (CZE)"]
[Date "2015.07.24"]
[Round "1.87"]
[White "OGANIAN, Miran"]
[Black "KOTYK, Vaclav"]
[Result "1-0"]
[WhiteElo "2370"]
[BlackElo "2147"]
[PlyCount "85"]
[EventDate "2015.07.24"]

1. d4 Nf6 2. c4 g6 3. Nc3 d5 4. Nf3 Bg7 5. Bg5 Ne4 6. cxd5 Nxg5 7. Nxg5 e6 8.
Nf3 exd5 9. e3 O-O 10. b4 c6 11. Be2 Bf5 12. O-O Nd7 13. b5 Nf6 14. bxc6 bxc6
15. Qa4 c5 16. dxc5 Ne4 17. Nxe4 Bxa1 18. Ng3 Bf6 19. Nxf5 gxf5 20. Qf4 Rc8 21.
Rc1 Qe7 22. Qxf5 Qe6 23. Qf4 Rfd8 24. Bd3 Qe7 25. h4 Bg7 26. h5 h6 27. Qb4 Qd7
28. Ba6 Ra8 29. Qa5 Qc6 30. a4 d4 31. Bb5 Qe6 32. c6 Rac8 33. exd4 Bxd4 34. Ba6
Bb6 35. Bxc8 Rxc8 36. Qc3 Qd5 37. Ne5 Bd4 38. Qh3 Rc7 39. Qg3+ Kh7 40. Nf3 Bb6
41. Qe5 Qa2 42. Qe4+ Kh8 43. Rc2 1-0

[Event "Pardubice Open A"]
[Site "Pardubice (CZE)"]
[Date "2015.07.24"]
[Round "1.88"]
[White "PTACEK, Tomas"]
[Black "SKLIAROV, Viktor"]
[Result "0-1"]
[WhiteElo "2146"]
[BlackElo "2368"]
[PlyCount "110"]
[EventDate "2015.07.24"]

1. e4 c5 2. Nf3 Nc6 3. d4 cxd4 4. Nxd4 Nf6 5. Nc3 e5 6. Ndb5 d6 7. Bg5 a6 8.
Na3 b5 9. Nd5 Be7 10. Bxf6 Bxf6 11. c3 Bg5 12. Nc2 O-O 13. Be2 Ne7 14. Nce3
Bxe3 15. Nxe3 Bb7 16. Bf3 Qb6 17. O-O Rad8 18. Qb3 Kh8 19. c4 f5 20. Nd5 Nxd5
21. cxd5 fxe4 22. Bxe4 Rf4 23. Rae1 Qd4 24. Qe3 Qxe3 25. Rxe3 Rc8 26. g3 Rf7
27. a3 g6 28. h4 Kg7 29. Rd1 Rfc7 30. Kf1 Kf6 31. Ke2 Rc4 32. Rd2 R8c5 33. Rd1
Rc7 34. Rd2 Bc8 35. f3 Bb7 36. Red3 a5 37. Ke3 Ba6 38. Rb3 a4 39. Rbd3 Rc1 40.
b4 Bc8 41. Rd1 R1c2 42. R3d2 R2c3+ 43. Rd3 R3c4 44. R3d2 h5 45. Rd3 Bf5 46.
R3d2 Rg7 47. Rf1 Rc3+ 48. Rd3 Rgc7 49. Rfd1 g5 50. Rh1 gxh4 51. Rxh4 Bxe4 52.
fxe4 Kg5 53. Rh1 Rb3 54. Kd2 Rb2+ 55. Ke3 Rcc2 0-1

[Event "Pardubice Open A"]
[Site "Pardubice (CZE)"]
[Date "2015.07.24"]
[Round "1.89"]
[White "NASUTA, Grzegorz"]
[Black "ZHYLKAIDAROVA, Sholpan"]
[Result "1-0"]
[WhiteElo "2365"]
[BlackElo "2145"]
[PlyCount "49"]
[EventDate "2015.07.24"]

1. e4 e6 2. d4 d5 3. Nc3 Bb4 4. e5 c5 5. a3 Bxc3+ 6. bxc3 Qc7 7. Qg4 Ne7 8.
Qxg7 Rg8 9. Qxh7 cxd4 10. Ne2 dxc3 11. f4 Nbc6 12. h4 Bd7 13. h5 O-O-O 14. Qd3
Nf5 15. Qxc3 d4 16. Qc5 Be8 17. h6 Rd5 18. Qc4 Rh8 19. g4 Rxh6 20. Bg2 Qa5+ 21.
Bd2 Rc5 22. Qd3 Qa4 23. gxf5 Rxh1+ 24. Bxh1 Rxc2 25. Bxc6 1-0

[Event "Pardubice Open A"]
[Site "Pardubice (CZE)"]
[Date "2015.07.24"]
[Round "1.90"]
[White "KULA, Dominik"]
[Black "BILGUUN, Sumiya"]
[Result "0-1"]
[WhiteElo "2145"]
[BlackElo "2361"]
[PlyCount "100"]
[EventDate "2015.07.24"]

1. e4 c5 2. Nf3 e6 3. d4 cxd4 4. Nxd4 a6 5. Nc3 Qc7 6. Bd3 Nf6 7. O-O Bc5 8.
Nb3 Be7 9. f4 d6 10. Qf3 Nbd7 11. Bd2 b5 12. Rae1 Bb7 13. g4 g6 14. Qg3 Nc5 15.
Nxc5 dxc5 16. e5 Nd5 17. Be4 O-O-O 18. Qg2 Nxc3 19. bxc3 c4 20. Be3 Bxe4 21.
Qxe4 Qb7 22. Qxb7+ Kxb7 23. a4 Kc6 24. Ra1 b4 25. cxb4 Bxb4 26. Rab1 Ba5 27.
Kf2 h5 28. g5 Rb8 29. Bd4 Kd5 30. Ke3 Bd2+ 31. Kxd2 Kxd4 32. c3+ Ke4 33. Rb4
Rhc8 34. h4 a5 35. Rxb8 Rxb8 36. Kc2 Rb7 37. Rd1 Rc7 38. Rd4+ Ke3 39. Kc1 Kf3
40. Kd2 Rc5 41. Kd1 Rc7 42. Kd2 Kf2 43. Kd1 Kg3 44. Ke2 Rb7 45. Rxc4 Kxh4 46.
Kf3 Kh3 47. Re4 Rb1 48. Re2 Rf1+ 49. Ke3 Kg3 50. c4 h4 0-1

[Event "Pardubice Open A"]
[Site "?"]
[Date "2015.07.25"]
[Round "2.1"]
[White "PLISCHKI, Sebastian"]
[Black "LAZNICKA, Viktor"]
[Result "0-1"]
[WhiteElo "2398"]
[BlackElo "2657"]
[PlyCount "36"]
[EventDate "2015.??.??"]
[WhiteClock "0:40:11"]
[BlackClock "0:07:54"]

1. d4 f5 2. g3 Nf6 3. Bg2 g6 4. Nh3 Bg7 5. Nf4 Nc6 6. Nc3 e5 7. Bxc6 bxc6 8.
dxe5 Ng4 9. e4 Nxe5 10. exf5 Ba6 11. Nd3 Qf6 12. Bf4 Nxd3+ 13. cxd3 Qxf5 14.
O-O O-O 15. Ne4 d6 16. Qc2 Rab8 17. Rab1 Rb4 18. Rfe1 Qd5 0-1

[Event "Pardubice Open A"]
[Site "?"]
[Date "2015.07.25"]
[Round "2.2"]
[White "MOVSESIAN, Sergei"]
[Black "BEN ARTZI, Ido"]
[Result "1/2-1/2"]
[WhiteElo "2653"]
[BlackElo "2397"]
[PlyCount "99"]
[EventDate "2015.??.??"]
[WhiteClock "1:03:50"]
[BlackClock "0:25:25"]

1. e4 e5 2. Nf3 Nc6 3. Bb5 a6 4. Ba4 Nf6 5. O-O Be7 6. Re1 b5 7. Bb3 d6 8. a4
Bg4 9. c3 Na5 10. Bc2 c5 11. h3 Bxf3 12. Qxf3 b4 13. d3 O-O 14. Nd2 Rb8 15. Qd1
d5 16. cxb4 cxb4 17. Nb3 Nxb3 18. Bxb3 dxe4 19. dxe4 Qxd1 20. Bxd1 Rfd8 21. Bb3
a5 22. Bg5 h6 23. Bxf6 Bxf6 24. Rad1 Rbc8 25. Kf1 Kf8 26. Ke2 Bg5 27. g3 Rxd1
28. Rxd1 Rd8 29. Rd5 Rxd5 30. Bxd5 b3 31. Kd1 Be7 32. Bxb3 Bc5 33. f3 Bf2 34.
Bd5 Bc5 35. Ke2 Ke7 36. f4 f6 37. Kf3 Bb4 38. Kg4 Be1 39. fxe5 fxe5 40. Kf5
Bxg3 41. Kg6 Kd6 42. Kxg7 h5 43. Kf6 h4 44. b3 Kc5 45. Ke6 Bf4 46. Kd7 Bg3 47.
Kc7 Bf4 48. Kb7 Bg3 49. Ka6 Be1 50. Kb7 1/2-1/2

[Event "Pardubice Open A"]
[Site "?"]
[Date "2015.07.25"]
[Round "2.3"]
[White "MALEK, Daniel"]
[Black "KONONENKO, Dmitry"]
[Result "1/2-1/2"]
[WhiteElo "2398"]
[BlackElo "2617"]
[PlyCount "158"]
[EventDate "2015.??.??"]
[WhiteClock "0:17:31"]
[BlackClock "0:05:10"]

1. c4 c5 2. Nf3 g6 3. d4 Bg7 4. e4 d6 5. Be2 Nc6 6. d5 Nd4 7. Nxd4 cxd4 8. O-O
e5 9. Nd2 Nf6 10. Qc2 Nd7 11. b4 b6 12. Nb3 O-O 13. Bd2 f5 14. f3 Ba6 15. a4
Rc8 16. Bd3 fxe4 17. fxe4 Qh4 18. g3 Qh3 19. Bg5 Bf6 20. Bd2 Bg7 21. Bg5 Rxf1+
22. Rxf1 Bh6 23. Bxh6 Qxh6 24. Qd2 Qg7 25. Qe2 Qe7 26. a5 Re8 27. axb6 axb6 28.
Qd2 Bc8 29. h3 Nf6 30. Kh2 Rf8 31. Qh6 Rf7 32. Nd2 Qa7 33. Nf3 Qa3 34. Qd2 Bd7
35. Ng5 Rf8 36. Kg2 Kg7 37. Rf2 h6 38. Nf3 Ra8 39. g4 Rf8 40. Ne1 g5 41. Nc2
Qb3 42. Na1 Qa4 43. Nc2 Nh7 44. b5 Qb3 45. Na1 Qa4 46. Nc2 Rf4 47. Qb4 Qxb4 48.
Nxb4 Rxf2+ 49. Kxf2 Kf6 50. Be2 Nf8 51. Nd3 Ng6 52. Kg3 Nf4 53. Bf1 h5 54. Nf2
Be8 55. Kf3 Bg6 56. Bd3 Be8 57. Bf1 Bd7 58. Kg3 hxg4 59. hxg4 Ke7 60. Kf3 Be8
61. Bd3 Ng6 62. Bf1 Nf8 63. Be2 Nd7 64. Nd3 Bg6 65. Bf1 Be8 66. Be2 Nf6 67. Nf2
Bd7 68. Bd3 Bc8 69. Bf1 Nd7 70. Nd3 Nc5 71. Nf2 Bd7 72. Bd3 Be8 73. Bf1 Nb3 74.
Bd3 Bg6 75. Ke2 Kf6 76. Bc2 Na5 77. Bd3 Nb3 78. Bc2 Nc5 79. Bd3 Ke7 1/2-1/2

[Event "Pardubice Open A"]
[Site "?"]
[Date "2015.07.25"]
[Round "2.4"]
[White "PIORUN, Kacper"]
[Black "JASNY, Stanislav"]
[Result "1/2-1/2"]
[WhiteElo "2591"]
[BlackElo "2395"]
[PlyCount "72"]
[EventDate "2015.??.??"]
[WhiteClock "0:27:02"]
[BlackClock "0:01:27"]

1. e4 e5 2. Nf3 Nc6 3. Bb5 a6 4. Ba4 Nf6 5. d3 d6 6. c4 Be7 7. h3 O-O 8. Be3
Bd7 9. Nc3 Na7 10. O-O c5 11. Bxd7 Nxd7 12. a3 Nc6 13. Rb1 a5 14. Bd2 Nd4 15.
b4 axb4 16. axb4 Nxf3+ 17. Qxf3 Bg5 18. Be1 g6 19. Nb5 Ra6 20. Bc3 Qc8 21. Ra1
Qc6 22. Qg4 Be7 23. f4 cxb4 24. Bxb4 Rxa1 25. Rxa1 Nc5 26. Qf3 f5 27. Bxc5
Qxc5+ 28. Kh1 fxe4 29. Qxe4 Rxf4 30. Qxb7 Rf7 31. Qe4 Kg7 32. Nc3 Qf2 33. Ne2
Bg5 34. Qg4 h5 35. Qxg5 Qxe2 36. Qg3 Rf1+ 1/2-1/2

[Event "Pardubice Open A"]
[Site "?"]
[Date "2015.07.25"]
[Round "2.5"]
[White "ZWARDON, Vojtech"]
[Black "VOROBIOV, Evgeny E"]
[Result "0-1"]
[WhiteElo "2397"]
[BlackElo "2582"]
[PlyCount "120"]
[EventDate "2015.??.??"]
[WhiteClock "0:13:22"]
[BlackClock "0:04:26"]

1. c4 Nf6 2. Nc3 e6 3. e4 c5 4. e5 Ng8 5. f4 d6 6. Nf3 dxe5 7. fxe5 Nc6 8. d3
Nge7 9. Bf4 Nf5 10. g4 Nfd4 11. Bg2 Be7 12. O-O O-O 13. Kh1 Bd7 14. Qd2 Rb8 15.
Rae1 a6 16. Ne4 b5 17. Nxd4 Nxd4 18. Nf6+ Kh8 19. Re3 Bc6 20. Bxc6 Nxc6 21. Qg2
Rc8 22. Rh3 Bxf6 23. exf6 Qxf6 24. Bd6 Qd8 25. Bxf8 Qxf8 26. cxb5 axb5 27. Qe4
g6 28. Rhf3 Nd8 29. g5 Kg8 30. b3 b4 31. h4 Qd6 32. Kg2 Rc7 33. h5 gxh5 34. Qh4
Nc6 35. Qxh5 Qd5 36. Rh1 Nd4 37. Qxh7+ Kf8 38. Qh8+ Ke7 39. Qf6+ Kd6 40. Rhh3
Nxf3 41. Rxf3 Kc6 42. Kg3 Ra7 43. Kh4 Qd6 44. Qb2 Kb5 45. Kg4 Qd5 46. Qh8 Ra8
47. Qf6 Rxa2 48. Qf4 Kc6 49. Qxf7 Rg2+ 50. Kh3 Rxg5 51. Qe8+ Qd7 52. Qa8+ Kb6
53. Qb8+ Qb7 54. Qxb7+ Kxb7 55. Re3 Rg6 56. d4 cxd4 57. Re4 e5 58. Rxe5 Kc6 59.
Ra5 Rg7 60. Ra4 d3 0-1

[Event "Pardubice Open A"]
[Site "?"]
[Date "2015.07.25"]
[Round "2.6"]
[White "SCHLOSSER, Philipp"]
[Black "ZANAN, Evgeny"]
[Result "1/2-1/2"]
[WhiteElo "2579"]
[BlackElo "2391"]
[PlyCount "61"]
[EventDate "2015.??.??"]
[WhiteClock "0:32:23"]
[BlackClock "0:18:28"]

1. c4 e5 2. g3 Nf6 3. Bg2 d5 4. cxd5 Nxd5 5. Nc3 Nb6 6. e3 Nc6 7. Nge2 Bf5 8.
d4 exd4 9. Nxd4 Nxd4 10. exd4 c6 11. d5 cxd5 12. O-O Bc5 13. Bf4 O-O 14. Nxd5
Nxd5 15. Qxd5 Qxd5 16. Bxd5 Bd4 17. Bxb7 Bxb2 18. Rab1 Bxb1 19. Rxb1 Bd4 20.
Bxa8 Rxa8 21. Rb7 h6 22. Kf1 Rc8 23. Rb8 Rxb8 24. Bxb8 Kf8 25. Ke2 Ke7 26. f3
Ke6 27. Kd3 Kd5 28. g4 a6 29. h3 g6 30. Bf4 h5 31. gxh5 1/2-1/2

[Event "Pardubice Open A"]
[Site "?"]
[Date "2015.07.25"]
[Round "2.7"]
[White "CERVENY, Martin"]
[Black "LINTCHEVSKI, Daniil"]
[Result "1/2-1/2"]
[WhiteElo "2394"]
[BlackElo "2574"]
[PlyCount "32"]
[EventDate "2015.??.??"]
[WhiteClock "1:06:29"]
[BlackClock "1:05:33"]

1. d4 e6 2. c4 Nf6 3. Nf3 d5 4. Nc3 c6 5. e3 Nbd7 6. Bd3 dxc4 7. Bxc4 b5 8. Bd3
Bd6 9. O-O O-O 10. Bd2 Bb7 11. Rc1 a6 12. Ne4 Be7 13. Nxf6+ Nxf6 14. b4 a5 15.
a3 axb4 16. axb4 Ra2 1/2-1/2